[Event "CAN/Quebec op"]
[Site "Montreal CAN"]
[Date "2008.07.21"]
[Round "3"]
[White "Bluvshtein, Mark"]
[Black "Mikhalevski, Victor"]
[Result "1/2-1/2"]
[WhiteElo "2548"]
[BlackElo "2592"]
[PlyCount "54"]
[GameId "2160767910345199"]
[EventDate "2008.07.19"]
[EventType "swiss"]
[EventRounds "9"]
[EventCountry "CAN"]
[SourceTitle "CBM 125"]
[Source "ChessBase"]
[SourceDate "2008.07.30"]
[SourceVersion "1"]
[SourceVersionDate "2008.07.30"]
[SourceQuality "1"]

1. d4 Nf6 2. c4 g6 3. Nc3 d5 4. Qb3 dxc4 5. Qxc4 Be6 6. Qb5+ Bd7 7. Qb3 a5 8. e4 Nc6 9. Bc4 Bg7 10. Nf3 a4 11. Qd1 Bg4 12. d5 Ne5 13. Be2 Nxf3+ 14. gxf3 Bh5 15. Nxa4 O-O 16. Nc3 Qc8 17. e5 Nd7 18. f4 Bxe2 19. Qxe2 Nb6 20. O-O e6 21. Qe4 exd5 22. Nxd5 Qg4+ 23. Kh1 Ra4 24. Qd3 Qd7 25. Rd1 Nxd5 26. Qxd5 Qg4 27. Be3 c6 1/2-1/2

[Event "CAN/Quebec op"]
[Site "Montreal CAN"]
[Date "2008.07.21"]
[Round "3"]
[White "Cheng, Bindi"]
[Black "Sambuev, Bator"]
[Result "1/2-1/2"]
[WhiteElo "2333"]
[BlackElo "2496"]
[PlyCount "60"]
[GameId "2160767910345200"]
[EventDate "2008.07.19"]
[EventType "swiss"]
[EventRounds "9"]
[EventCountry "CAN"]
[SourceTitle "CBM 125 Extra"]
[Source "ChessBase"]
[SourceDate "2008.09.01"]
[SourceVersion "1"]
[SourceVersionDate "2008.09.01"]
[SourceQuality "1"]

1. d4 e6 2. Nf3 f5 3. c4 Nf6 4. Nc3 Bb4 5. Qb3 c5 6. a3 Bxc3+ 7. Qxc3 Ne4 8. Qd3 O-O 9. dxc5 Nxc5 10. Qc2 d6 11. b4 Ne4 12. Nd2 a5 13. Rb1 axb4 14. axb4 b5 15. Nxe4 fxe4 16. e3 Qf6 17. c5 dxc5 18. Bxb5 cxb4 19. O-O Na6 20. Qxe4 Rb8 21. Bd3 Qf5 22. Qc4 Qd5 23. Rd1 Qxc4 24. Bxc4 Nc5 25. Ba3 Ba6 26. Bxb4 Bxc4 27. Bxc5 Rxb1 28. Rxb1 Rc8 29. Bd4 Bd3 30. Rd1 Rb8 1/2-1/2

[Event "CAN/Quebec op"]
[Site "Montreal CAN"]
[Date "2008.07.21"]
[Round "3"]
[White "Cornette, Matthieu"]
[Black "Tayar, Jonathan"]
[Result "1-0"]
[WhiteElo "2521"]
[BlackElo "2293"]
[PlyCount "113"]
[GameId "2160767910345201"]
[EventDate "2008.07.19"]
[EventType "swiss"]
[EventRounds "9"]
[EventCountry "CAN"]
[SourceTitle "CBM 125 Extra"]
[Source "ChessBase"]
[SourceDate "2008.09.01"]
[SourceVersion "1"]
[SourceVersionDate "2008.09.01"]
[SourceQuality "1"]

1. e4 c5 2. Nc3 d6 3. Nge2 Nf6 4. g3 Nc6 5. Bg2 g6 6. d4 cxd4 7. Nxd4 Bd7 8. Nde2 Bg7 9. O-O O-O 10. h3 Rc8 11. Bg5 h6 12. Be3 Na5 13. b3 b5 14. a3 a6 15. Qd2 Kh7 16. Rad1 Qc7 17. Bd4 Bc6 18. Qe3 Qb8 19. Ba7 Qa8 20. Bb6 Nb7 21. Nd4 Nd7 22. Nxc6 Rxc6 23. Bd4 e5 24. Ba7 Rxc3 25. Qxc3 Qxa7 26. Qc7 Ndc5 27. Rxd6 Ne6 28. Qb6 Qxb6 29. Rxb6 Nbc5 30. Rc6 Rd8 31. b4 Na4 32. c3 Rd7 33. Rc1 Ra7 34. h4 Nb2 35. Rc2 Na4 36. Rd2 Rc7 37. Rdd6 Rxc6 38. Rxc6 Bf8 39. Bf1 Kg7 40. c4 bxc4 41. Bxc4 a5 42. bxa5 Nd4 43. Rc7 Bxa3 44. Rxf7+ Kh8 45. a6 Bc5 46. a7 Bxa7 47. Rxa7 Nc5 48. Bd5 g5 49. hxg5 hxg5 50. Ra8+ Kg7 51. Kg2 Kg6 52. Kh3 Nd3 53. Ra6+ Kg7 54. Kg4 Nxf2+ 55. Kxg5 Nh3+ 56. Kh5 Nf3 57. Ra7+ 1-0

[Event "CAN/Quebec op"]
[Site "Montreal CAN"]
[Date "2008.07.21"]
[Round "3"]
[White "Doubleday, William"]
[Black "Arsenault, Nicolas"]
[Result "1-0"]
[WhiteElo "2125"]
[BlackElo "2213"]
[PlyCount "49"]
[GameId "2160767910345202"]
[EventDate "2008.07.19"]
[EventType "swiss"]
[EventRounds "9"]
[EventCountry "CAN"]
[SourceTitle "EXT 2009"]
[Source "ChessBase"]
[SourceDate "2008.11.26"]
[SourceVersion "1"]
[SourceVersionDate "2008.11.26"]
[SourceQuality "1"]

1. d4 Nf6 2. c4 e6 3. Nc3 Bb4 4. e3 b6 5. Nge2 Ne4 6. Qc2 Bb7 7. a3 Bxc3+ 8. Nxc3 Nxc3 9. Qxc3 O-O 10. b4 d6 11. Bb2 Nd7 12. Qc2 Qh4 13. d5 a5 14. g3 Qh6 15. Bg2 e5 16. O-O f5 17. f4 g6 18. Rae1 axb4 19. axb4 Ra2 20. Qb3 Rfa8 21. e4 exf4 22. gxf4 fxe4 23. Rxe4 Qf8 24. Re6 Qf5 25. Qc3 1-0

[Event "CAN/Quebec op"]
[Site "Montreal CAN"]
[Date "2008.07.21"]
[Round "3"]
[White "Drolet, Stephane"]
[Black "Castaneda, Nelson"]
[Result "0-1"]
[WhiteElo "2131"]
[BlackElo "2400"]
[PlyCount "42"]
[GameId "2160767910345203"]
[EventDate "2008.07.19"]
[EventType "swiss"]
[EventRounds "9"]
[EventCountry "CAN"]

1. d4 Nf6 2. Nf3 g6 3. c4 Bg7 4. Nc3 d6 5. Bg5 h6 6. Bh4 O-O 7. e3 Na6 8. Be2 c5 9. h3 Be6 10. O-O cxd4 11. Nxd4 Bd7 12. Bf3 Nc5 13. b4 Ne6 14. a3 Rc8 15. Qd3 Nxd4 16. exd4 Be6 17. d5 Bf5 18. Qe2 Qc7 19. Rac1 Qxc4 20. Qxe7 Qxh4 21. Qxd6 Ne8 0-1

[Event "CAN/Quebec op"]
[Site "Montreal CAN"]
[Date "2008.07.21"]
[Round "3"]
[White "Ganguly, Surya Shekhar"]
[Black "Roussel-Roozmon, Thomas"]
[Result "0-1"]
[WhiteElo "2631"]
[BlackElo "2486"]
[PlyCount "102"]
[GameId "2160767910345204"]
[EventDate "2008.07.19"]
[EventType "swiss"]
[EventRounds "9"]
[EventCountry "CAN"]
[SourceTitle "CBM 125 Extra"]
[Source "ChessBase"]
[SourceDate "2008.09.01"]
[SourceVersion "1"]
[SourceVersionDate "2008.09.01"]
[SourceQuality "1"]

1. e4 e5 2. Nf3 Nc6 3. Bb5 a6 4. Ba4 Nf6 5. O-O Be7 6. Re1 b5 7. Bb3 d6 8. c3 O-O 9. d4 Bg4 10. Be3 exd4 11. cxd4 Na5 12. Bc2 Nc4 13. Bc1 c5 14. b3 Nb6 15. Nbd2 cxd4 16. h3 Bh5 17. Bb2 Rc8 18. a4 bxa4 19. bxa4 a5 20. g4 Bg6 21. Nxd4 d5 22. e5 Bxc2 23. Nxc2 Nfd7 24. Nf3 Nc5 25. Ne3 Ne6 26. Ba3 Bxa3 27. Rxa3 Qd7 28. Rd3 Rfd8 29. Nf5 Rc4 30. Nd6 Rxa4 31. Rb3 Rb4 32. Rxb4 axb4 33. Qb3 Nc4 34. Nxc4 dxc4 35. Qxc4 Qd3 36. Qxd3 Rxd3 37. Kg2 b3 38. h4 b2 39. Rb1 Nf4+ 40. Kg3 Ne2+ 41. Kg2 Rb3 42. Nd2 Nc3 43. Re1 b1=Q 44. Nxb1 Rxb1 45. Re3 Nd5 46. Ra3 g6 47. Ra5 Nf4+ 48. Kg3 Ne6 49. f3 Rb3 50. Rd5 g5 51. h5 Rb2 0-1

[Event "CAN/Quebec op"]
[Site "Montreal CAN"]
[Date "2008.07.21"]
[Round "3"]
[White "Gulko, Alexander"]
[Black "Mohota, Nisha"]
[Result "0-1"]
[WhiteElo "1894"]
[BlackElo "2354"]
[PlyCount "62"]
[GameId "2160767910345205"]
[EventDate "2008.07.19"]
[EventType "swiss"]
[EventRounds "9"]
[EventCountry "CAN"]
[SourceTitle "CBM 125 Extra"]
[Source "ChessBase"]
[SourceDate "2008.09.01"]
[SourceVersion "1"]
[SourceVersionDate "2008.09.01"]
[SourceQuality "1"]

1. d4 Nf6 2. Bg5 d5 3. Bxf6 exf6 4. e3 Bd6 5. c4 dxc4 6. Bxc4 O-O 7. Nc3 f5 8. Nf3 Nd7 9. O-O Nf6 10. Qc2 c6 11. Rfd1 Qe7 12. g3 g6 13. Bf1 Bd7 14. a3 Rfe8 15. Bg2 Kg7 16. Rac1 Rac8 17. Na4 Be6 18. Nc5 Bd5 19. Ne1 h5 20. Bxd5 cxd5 21. Qb3 h4 22. Nf3 hxg3 23. hxg3 b6 24. Na4 Qe4 25. Kg2 Rxc1 26. Rxc1 Rh8 27. Nc3 Qg4 28. Ng1 Qh5 29. Kf1 Qh1 30. Qd1 Ng4 31. Nce2 Nh2+ 0-1

[Event "CAN/Quebec op"]
[Site "Montreal CAN"]
[Date "2008.07.21"]
[Round "3"]
[White "Henry, Liam"]
[Black "Yoos, John"]
[Result "0-1"]
[WhiteElo "2211"]
[BlackElo "2366"]
[PlyCount "122"]
[GameId "2160767910345206"]
[EventDate "2008.07.19"]
[EventType "swiss"]
[EventRounds "9"]
[EventCountry "CAN"]
[SourceTitle "CBM 125 Extra"]
[Source "ChessBase"]
[SourceDate "2008.09.01"]
[SourceVersion "1"]
[SourceVersionDate "2008.09.01"]
[SourceQuality "1"]

1. e4 c5 2. Nf3 e6 3. d4 cxd4 4. Nxd4 Nf6 5. Nc3 Nc6 6. Ndb5 Bc5 7. Be3 Bxe3 8. Nd6+ Ke7 9. fxe3 Qb6 10. Nc4 Qc7 11. Nb5 Qb8 12. Qd3 Ng4 13. Qa3+ Kf6 14. Be2 Nge5 15. Nbd6 Kg6 16. O-O f6 17. Rad1 Nxc4 18. Bxc4 Ne5 19. Be2 Qc7 20. Qb4 Rb8 21. Qe1 h6 22. Qg3+ Kh7 23. Bh5 Rf8 24. Ne8 Rxe8 25. Bxe8 Qxc2 26. Qh4 Qc5 27. Qf4 Qe7 28. Bh5 b5 29. Be2 a6 30. Rc1 Bb7 31. Rc2 Qb4 32. Bf3 Rc8 33. Rxc8 Bxc8 34. b3 Bb7 35. Qh4 Bc6 36. h3 Qd2 37. Qf2 Qxf2+ 38. Kxf2 g5 39. Ke2 Kg6 40. Kd2 h5 41. Kc3 g4 42. hxg4 hxg4 43. Kd4 gxf3 44. gxf3 a5 45. f4 Ng4 46. Rg1 f5 47. exf5+ Kxf5 48. Rc1 a4 49. Rc5+ Kf6 50. bxa4 bxa4 51. a3 Nh6 52. Kc3 Nf5 53. Kd3 Nd6 54. Kc2 Ke7 55. Kb2 Nf5 56. Rc3 Kd6 57. Kc2 Kd5 58. Kd2 Ke4 59. Rc1 Nd6 60. Rc5 Kf3 61. Rc3 Ne4+ 0-1

[Event "CAN/Quebec op"]
[Site "Montreal CAN"]
[Date "2008.07.21"]
[Round "3"]
[White "Istratescu, Andrei"]
[Black "Huzman, Alexander"]
[Result "1/2-1/2"]
[WhiteElo "2636"]
[BlackElo "2589"]
[PlyCount "23"]
[GameId "2160767910345207"]
[EventDate "2008.07.19"]
[EventType "swiss"]
[EventRounds "9"]
[EventCountry "CAN"]
[SourceTitle "CBM 125 Extra"]
[Source "ChessBase"]
[SourceDate "2008.09.01"]
[SourceVersion "1"]
[SourceVersionDate "2008.09.01"]
[SourceQuality "1"]

1. c4 Nf6 2. Nc3 e5 3. g3 Bb4 4. Bg2 O-O 5. e4 Bxc3 6. bxc3 c6 7. Qb3 Na6 8. Ba3 d6 9. Ne2 Nc5 10. Qc2 Re8 11. O-O b5 12. cxb5 1/2-1/2

[Event "CAN/Quebec op"]
[Site "Montreal CAN"]
[Date "2008.07.21"]
[Round "3"]
[White "Ivkov, Borislav"]
[Black "Chabot, Roland"]
[Result "0-1"]
[WhiteElo "2411"]
[BlackElo "2235"]
[PlyCount "46"]
[GameId "2160767910345208"]
[EventDate "2008.07.19"]
[EventType "swiss"]
[EventRounds "9"]
[EventCountry "CAN"]
[SourceTitle "CBM 125 Extra"]
[Source "ChessBase"]
[SourceDate "2008.09.01"]
[SourceVersion "1"]
[SourceVersionDate "2008.09.01"]
[SourceQuality "1"]

1. Nf3 d6 2. d4 g6 3. e4 Nf6 4. Nc3 Bg7 5. Be2 O-O 6. O-O Nc6 7. d5 Nb8 8. Re1 c6 9. h3 a6 10. a4 a5 11. Be3 Na6 12. dxc6 bxc6 13. e5 Ne8 14. exd6 exd6 15. Bg5 f6 16. Bc4+ Kh8 17. Bf4 Nb4 18. Ne4 d5 19. c3 Bf5 20. cxb4 Bxe4 21. Be2 Bxf3 22. Bxf3 axb4 23. Rc1 Rc8 0-1

[Event "CAN/Quebec op"]
[Site "Montreal CAN"]
[Date "2008.07.21"]
[Round "3"]
[White "Kovalyov, Anton"]
[Black "Hansen, Eric"]
[Result "1/2-1/2"]
[WhiteElo "2548"]
[BlackElo "2268"]
[PlyCount "102"]
[GameId "2160767910345209"]
[EventDate "2008.07.19"]
[EventType "swiss"]
[EventRounds "9"]
[EventCountry "CAN"]
[SourceTitle "CBM 125 Extra"]
[Source "ChessBase"]
[SourceDate "2008.09.01"]
[SourceVersion "1"]
[SourceVersionDate "2008.09.01"]
[SourceQuality "1"]

1. Nf3 c5 2. c4 Nc6 3. d4 cxd4 4. Nxd4 Nf6 5. Nc3 g6 6. e4 d6 7. f3 Nxd4 8. Qxd4 Bg7 9. Be3 O-O 10. Qd2 a6 11. Rc1 Be6 12. b3 Qa5 13. Bd3 Rac8 14. O-O Rfd8 15. Rc2 Rc6 16. Rb1 Rdc8 17. a4 Nd7 18. f4 Bxc3 19. Rxc3 f6 20. b4 Qd8 21. a5 b5 22. axb6 Nxb6 23. c5 dxc5 24. Rxc5 Rd6 25. Rd1 Bc4 26. Rxc8 Qxc8 27. Qc3 Bxd3 28. Rxd3 Qxc3 29. Rxc3 f5 30. exf5 gxf5 31. Kf2 Nd5 32. Rc8+ Kf7 33. Bc5 Re6 34. g3 Re4 35. Rh8 Nxb4 36. Bxb4 Rxb4 37. Rxh7+ Kf8 38. Rh8+ Kg7 39. Ra8 Rb2+ 40. Kf3 Rxh2 41. Rxa6 Rb2 42. Re6 Kf7 43. Re3 Kf6 44. Rc3 Rb6 45. g4 fxg4+ 46. Kxg4 Rb1 47. Rc5 Rg1+ 48. Kf3 Rf1+ 49. Ke3 Re1+ 50. Kf2 Ra1 51. Kf3 Rf1+ 1/2-1/2

[Event "CAN/Quebec op"]
[Site "Montreal CAN"]
[Date "2008.07.21"]
[Round "3"]
[White "Meera, Sai Ravi"]
[Black "Barbeau, Sylvain"]
[Result "0-1"]
[WhiteElo "2179"]
[BlackElo "2367"]
[PlyCount "90"]
[GameId "2160767910345210"]
[EventDate "2008.07.19"]
[EventType "swiss"]
[EventRounds "9"]
[EventCountry "CAN"]
[SourceTitle "CBM 125 Extra"]
[Source "ChessBase"]
[SourceDate "2008.09.01"]
[SourceVersion "1"]
[SourceVersionDate "2008.09.01"]
[SourceQuality "1"]

1. e4 e5 2. Nf3 Nc6 3. d4 exd4 4. Bc4 Nf6 5. O-O Nxe4 6. Re1 d5 7. Bxd5 Qxd5 8. Nc3 Qh5 9. Nxe4 Be6 10. Bg5 Bd6 11. Nxd6+ cxd6 12. Bf4 Qd5 13. c3 Kd7 14. Nxd4 Nxd4 15. Qxd4 Qxd4 16. cxd4 Bd5 17. a3 Rac8 18. Rac1 Rhe8 19. Rxe8 Rxe8 20. Be3 Re6 21. Kf1 h5 22. h4 Re4 23. g3 Re8 24. Ke2 a5 25. Kd2 b5 26. Bf4 Ra8 27. Ra1 Rg8 28. b4 a4 29. Be3 Bc4 30. Rg1 Be6 31. f3 Rh8 32. Bf2 Bd5 33. g4 Bxf3 34. gxh5 Bxh5 35. Rg5 Kc6 36. d5+ Kd7 37. Bd4 Bg6 38. h5 Bxh5 39. Rxg7 Re8 40. Rh7 Bg6 41. Rh8 Re4 42. Kc3 Re2 43. Bb6 Rc2+ 44. Kd4 Rd2+ 45. Kc3 Rd3+ 0-1

[Event "CAN/Quebec op"]
[Site "Montreal CAN"]
[Date "2008.07.21"]
[Round "3"]
[White "Moiseenko, Alexander"]
[Black "Komarov, Dimitri"]
[Result "1-0"]
[WhiteElo "2632"]
[BlackElo "2536"]
[PlyCount "79"]
[GameId "2160767910345211"]
[EventDate "2008.07.19"]
[EventType "swiss"]
[EventRounds "9"]
[EventCountry "CAN"]
[SourceTitle "CBM 125 Extra"]
[Source "ChessBase"]
[SourceDate "2008.09.01"]
[SourceVersion "1"]
[SourceVersionDate "2008.09.01"]
[SourceQuality "1"]

1. d4 e6 2. c4 Nf6 3. g3 d5 4. Bg2 dxc4 5. Qa4+ Nbd7 6. Qxc4 a6 7. Qd3 Bd6 8. Nf3 O-O 9. O-O e5 10. Nc3 Qe7 11. Nh4 Re8 12. Nf5 Qf8 13. Rd1 c6 14. Nxd6 Qxd6 15. Be3 Qe7 16. d5 cxd5 17. Nxd5 Nxd5 18. Qxd5 Nf6 19. Qa5 e4 20. h3 Bd7 21. Rd4 Bb5 22. Rd2 Rad8 23. Bc5 Qxc5 24. Rxd8 e3 25. Rxe8+ Nxe8 26. Qe1 Nd6 27. f4 h5 28. Rc1 Qf5 29. Qc3 h4 30. Qe5 Qg6 31. g4 Bxe2 32. Qxe3 Bb5 33. Rd1 Nc4 34. Rd8+ Kh7 35. Qe4 Nxb2 36. Qxg6+ Kxg6 37. Bxb7 Nc4 38. Be4+ Kf6 39. Bd3 g5 40. a4 1-0

[Event "CAN/Quebec op"]
[Site "Montreal CAN"]
[Date "2008.07.21"]
[Round "3"]
[White "Mulyar, Michael"]
[Black "Jiang, Louie"]
[Result "1-0"]
[WhiteElo "2382"]
[BlackElo "2135"]
[PlyCount "41"]
[GameId "2160767910345212"]
[EventDate "2008.07.19"]
[EventType "swiss"]
[EventRounds "9"]
[EventCountry "CAN"]
[SourceTitle "CBM 125 Extra"]
[Source "ChessBase"]
[SourceDate "2008.09.01"]
[SourceVersion "1"]
[SourceVersionDate "2008.09.01"]
[SourceQuality "1"]

1. d4 d5 2. c4 e6 3. Nf3 Nf6 4. g3 c6 5. Qc2 Nbd7 6. Bg2 Be7 7. O-O O-O 8. Rd1 b6 9. Nbd2 Bb7 10. b3 Rc8 11. e4 dxe4 12. Nxe4 c5 13. Nxf6+ Bxf6 14. Ng5 Bxg5 15. Bxb7 Rb8 16. dxc5 Bf6 17. c6 Bxa1 18. Ba3 Qf6 19. Bxf8 Rxf8 20. Rxd7 Qf3 21. Qd1 1-0

[Event "CAN/Quebec op"]
[Site "Montreal CAN"]
[Date "2008.07.21"]
[Round "3"]
[White "Noritsyn, Nikolay"]
[Black "Anastasovski, Nikola"]
[Result "1-0"]
[WhiteElo "2361"]
[BlackElo "2129"]
[PlyCount "95"]
[GameId "2160767910345213"]
[EventDate "2008.07.19"]
[EventType "swiss"]
[EventRounds "9"]
[EventCountry "CAN"]
[SourceTitle "CBM 125 Extra"]
[Source "ChessBase"]
[SourceDate "2008.09.01"]
[SourceVersion "1"]
[SourceVersionDate "2008.09.01"]
[SourceQuality "1"]

1. Nf3 c5 2. c4 Nc6 3. d4 cxd4 4. Nxd4 Qb6 5. Nb3 e6 6. Nc3 Bb4 7. Be3 Qd8 8. g3 d5 9. Bg2 Nge7 10. O-O Bxc3 11. bxc3 O-O 12. cxd5 exd5 13. Nc5 b6 14. Nd3 Bb7 15. Nf4 Na5 16. Bd4 Qd6 17. e3 Rad8 18. Qg4 Ng6 19. h4 Bc8 20. Qg5 h6 21. Qh5 Nxf4 22. exf4 f6 23. Rad1 Be6 24. Be3 Nc4 25. Bc1 Bf7 26. Qf5 Be6 27. Qc2 Qc7 28. Rd4 Rd7 29. Rfd1 Rfd8 30. Qd3 Qc5 31. Qg6 Bf7 32. Qg4 h5 33. Qf3 f5 34. Qe2 b5 35. Qc2 g6 36. Bf1 Nb6 37. Be3 Qc6 38. R4d3 Na4 39. Bd4 b4 40. Qe2 Re8 41. Re3 Rxe3 42. Qxe3 Qc7 43. cxb4 Re7 44. Qd2 Nb6 45. Ba1 Kf8 46. Qd4 Ke8 47. Qh8+ Kd7 48. Bb5+ 1-0

[Event "CAN/Quebec op"]
[Site "Montreal CAN"]
[Date "2008.07.21"]
[Round "3"]
[White "Panjwani, Raja"]
[Black "Masse, Hugues"]
[Result "1-0"]
[WhiteElo "2310"]
[BlackElo "2196"]
[PlyCount "61"]
[GameId "2160767910345214"]
[EventDate "2008.07.19"]
[EventType "swiss"]
[EventRounds "9"]
[EventCountry "CAN"]
[SourceTitle "CBM 125 Extra"]
[Source "ChessBase"]
[SourceDate "2008.09.01"]
[SourceVersion "1"]
[SourceVersionDate "2008.09.01"]
[SourceQuality "1"]

1. e4 e5 2. Nf3 Nc6 3. Nc3 Nf6 4. g3 d5 5. exd5 Nxd5 6. Bg2 Nxc3 7. bxc3 Bd6 8. O-O O-O 9. d3 Re8 10. Rb1 f6 11. Nh4 Bf8 12. Qh5 g6 13. Nxg6 hxg6 14. Qxg6+ Bg7 15. Be4 Ne7 16. Qh7+ Kf8 17. f4 Qd6 18. fxe5 Qxe5 19. Rb5 c5 20. d4 Qe6 21. Rxc5 Qg8 22. Qh4 Qf7 23. Ba3 Be6 24. Rh5 Kg8 25. Bh7+ Kf8 26. d5 Bd7 27. Rh6 f5 28. Bxf5 Bxf5 29. Rh8+ Bxh8 30. Qxh8+ Qg8 31. Rxf5# 1-0

[Event "CAN/Quebec op"]
[Site "Montreal CAN"]
[Date "2008.07.21"]
[Round "3"]
[White "Rozentalis, Eduardas"]
[Black "Rathnakaran, Kantholi"]
[Result "1/2-1/2"]
[WhiteElo "2599"]
[BlackElo "2453"]
[PlyCount "148"]
[GameId "2160767910345216"]
[EventDate "2008.07.19"]
[EventType "swiss"]
[EventRounds "9"]
[EventCountry "CAN"]

1. e4 e6 2. d4 d5 3. Nd2 Nf6 4. e5 Nfd7 5. Bd3 c5 6. c3 Nc6 7. Ne2 Qb6 8. Nf3 cxd4 9. cxd4 f6 10. exf6 Nxf6 11. O-O Bd6 12. b3 O-O 13. Bf4 Qc7 14. Bxd6 Qxd6 15. Bb5 Bd7 16. Rc1 a6 17. Bxc6 Bxc6 18. Ne5 Nd7 19. Nxd7 Bxd7 20. Re1 Rf6 21. Rc2 Raf8 22. Ng3 Rf4 23. Qd3 Rh4 24. Qe3 Rff4 25. Qe5 Qb4 26. Rce2 Qxd4 27. Qc7 Bb5 28. Qc8+ Rf8 29. Qxe6+ Kh8 30. Nf5 Qf4 31. g3 Rg4 32. Rc2 Bc6 33. Ne3 Rg5 34. h4 Qxh4 35. Ng2 Qd4 36. Qe3 Qg4 37. Qe6 Qh5 38. Qe2 Qh6 39. Qe6 Rh5 40. Qxh6 Rxh6 41. Rd2 Kg8 42. Re5 Rf3 43. Re3 Rf5 44. g4 Rg5 45. Rd4 Rhg6 46. f3 h5 47. Nf4 hxg4 48. Nxg6 gxf3+ 49. Kf2 Rxg6 50. Rxf3 Rg5 51. a4 Re5 52. a5 g5 53. Rf6 Kg7 54. Rd6 Kf7 55. Rg4 Rf5+ 56. Ke1 Rf3 57. b4 Rf6 58. Rd8 Rg6 59. Kf2 Ke7 60. Rb8 Kd6 61. Kg3 Ke5 62. Rd8 Rg7 63. Kf2 Ba4 64. Ke3 Bd7 65. Rxg5+ Rxg5 66. Rxd7 d4+ 67. Kd3 Rg3+ 68. Kd2 Rg2+ 69. Kd3 Rg3+ 70. Kd2 Ke4 71. Re7+ Kd5 72. Rxb7 Kc4 73. Rb6 Rg2+ 74. Kc1 Kc3 1/2-1/2

[Event "CAN/Quebec op"]
[Site "Montreal CAN"]
[Date "2008.07.21"]
[Round "3"]
[White "Swathi, Ghate"]
[Black "Poulin, Maurice"]
[Result "1-0"]
[WhiteElo "2351"]
[BlackElo "1989"]
[PlyCount "77"]
[GameId "2160767910345218"]
[EventDate "2008.07.19"]
[EventType "swiss"]
[EventRounds "9"]
[EventCountry "CAN"]

1. e4 g6 2. d4 Bg7 3. Nc3 d6 4. Be3 Nd7 5. Qd2 c5 6. Nf3 cxd4 7. Bxd4 Ngf6 8. Bc4 O-O 9. O-O a6 10. a4 b6 11. Rad1 Bb7 12. Rfe1 Qc7 13. Bf1 Rac8 14. Nd5 Qd8 15. c4 e5 16. Bc3 Nxd5 17. exd5 a5 18. b4 axb4 19. Bxb4 Nc5 20. a5 bxa5 21. Bxa5 Qd7 22. Bb4 f5 23. Rb1 Rfe8 24. Qd1 Bf6 25. Nd2 h5 26. Nb3 Nxb3 27. Qxb3 Ba8 28. Ba3 Bd8 29. c5 dxc5 30. Bb5 Qf7 31. Bxe8 Qxe8 32. Qg3 e4 33. d6 Kh7 34. Bb2 Ba5 35. Ra1 Bb6 36. Ra6 Rb8 37. d7 Qf8 38. Qe5 Bc6 39. Rxb6 1-0

[Event "CAN/Quebec op"]
[Site "Montreal CAN"]
[Date "2008.07.21"]
[Round "3"]
[White "Yap, Nicolas A"]
[Black "Yuan, Yuanling"]
[Result "1-0"]
[WhiteElo "2279"]
[BlackElo "2146"]
[PlyCount "87"]
[GameId "2160767910345221"]
[EventDate "2008.07.19"]
[EventType "swiss"]
[EventRounds "9"]
[EventCountry "CAN"]
[SourceTitle "EXT 2009"]
[Source "ChessBase"]
[SourceDate "2008.11.26"]
[SourceVersion "1"]
[SourceVersionDate "2008.11.26"]
[SourceQuality "1"]

1. e4 c5 2. Nf3 d6 3. d4 cxd4 4. Nxd4 Nf6 5. Nc3 g6 6. Be3 Bg7 7. f3 Nc6 8. Qd2 O-O 9. O-O-O d5 10. exd5 Nxd5 11. Nxc6 bxc6 12. Bd4 e5 13. Bc5 Be6 14. Ne4 Re8 15. h4 Rb8 16. Bc4 h6 17. g4 Qc7 18. Bd6 Qb6 19. Bxb8 Rxb8 20. b3 Kh8 21. g5 h5 22. Rhe1 Bf8 23. Qh2 Ba3+ 24. Kb1 Qc7 25. Rd3 Bb4 26. Red1 a5 27. Bxd5 cxd5 28. Rxd5 Bxd5 29. Rxd5 Re8 30. a4 Kg7 31. Qe2 Qb6 32. Ka2 Qe6 33. Rd3 Rc8 34. Kb2 Qc6 35. Qd1 Qe6 36. c3 Be7 37. Rd7 Re8 38. Qd5 Qxd5 39. Rxd5 f6 40. Kc2 fxg5 41. hxg5 Bd8 42. Rd7+ Kg8 43. Kd3 Bb6 44. Nf6+ 1-0

[Event "CAN/Quebec op"]
[Site "Montreal CAN"]
[Date "2008.07.22"]
[Round "4"]
[White "Anastasovski, Nikola"]
[Black "Panjwani, Raja"]
[Result "0-1"]
[WhiteElo "2129"]
[BlackElo "2310"]
[PlyCount "90"]
[GameId "2160767910345222"]
[EventDate "2008.07.19"]
[EventType "swiss"]
[EventRounds "9"]
[EventCountry "CAN"]
[SourceTitle "CBM 125 Extra"]
[Source "ChessBase"]
[SourceDate "2008.09.01"]
[SourceVersion "1"]
[SourceVersionDate "2008.09.01"]
[SourceQuality "1"]

1. e4 c5 2. c4 e6 3. Nc3 Ne7 4. d4 cxd4 5. Qxd4 Nec6 6. Qd1 Bc5 7. Nf3 d6 8. Bd3 O-O 9. O-O e5 10. h3 Nd4 11. Nxd4 Bxd4 12. Ne2 Bc5 13. Kh2 Nc6 14. f4 exf4 15. Bxf4 Ne5 16. Bxe5 dxe5 17. Ng3 Qg5 18. Qf3 Be6 19. Rad1 Rad8 20. b3 Rd7 21. Bc2 Rfd8 22. Rxd7 Rxd7 23. Rd1 Rxd1 24. Bxd1 g6 25. Nf1 Qd8 26. Ng3 Qd4 27. Qf1 Qe3 28. Bf3 Qf4 29. Bd1 Bf2 30. Qd3 Be3 31. Qf1 h5 32. Qxf4 Bxf4 33. h4 g5 34. Bxh5 g4 35. b4 Kg7 36. c5 Kh6 37. Bxf7 Bxf7 38. b5 Bxa2 39. c6 bxc6 40. bxc6 a5 41. c7 Be6 42. h5 a4 43. c8=Q Bxc8 44. Kh1 Bxg3 45. Kg1 a3 0-1

[Event "CAN/Quebec op"]
[Site "Montreal CAN"]
[Date "2008.07.22"]
[Round "4"]
[White "Arsenault, Nicolas"]
[Black "Drolet, Stephane"]
[Result "1/2-1/2"]
[WhiteElo "2213"]
[BlackElo "2131"]
[PlyCount "31"]
[GameId "2160767910345223"]
[EventDate "2008.07.19"]
[EventType "swiss"]
[EventRounds "9"]
[EventCountry "CAN"]

1. e4 Nc6 2. Nc3 e6 3. d4 d5 4. Nf3 Nf6 5. e5 Ne4 6. Ne2 f5 7. exf6 Qxf6 8. Ng3 Bd7 9. Bb5 Bd6 10. O-O O-O 11. Be3 h6 12. Bd3 Nxg3 13. hxg3 e5 14. dxe5 Nxe5 15. Nxe5 Bxe5 16. c3 1/2-1/2

[Event "CAN/Quebec op"]
[Site "Montreal CAN"]
[Date "2008.07.22"]
[Round "4"]
[White "Bartholomew, John"]
[Black "Rozentalis, Eduardas"]
[Result "1/2-1/2"]
[WhiteElo "2440"]
[BlackElo "2599"]
[PlyCount "55"]
[GameId "2160767910345224"]
[EventDate "2008.07.19"]
[EventType "swiss"]
[EventRounds "9"]
[EventCountry "CAN"]
[SourceTitle "CBM 125 Extra"]
[Source "ChessBase"]
[SourceDate "2008.09.01"]
[SourceVersion "1"]
[SourceVersionDate "2008.09.01"]
[SourceQuality "1"]

1. d4 Nf6 2. c4 e6 3. Nc3 Bb4 4. Qc2 d5 5. cxd5 Qxd5 6. Nf3 Qf5 7. Qxf5 exf5 8. a3 Bd6 9. Bg5 Ne4 10. Nxe4 fxe4 11. Nd2 h6 12. Bh4 f5 13. e3 Nd7 14. Nc4 Nb6 15. Bg3 Nxc4 16. Bxc4 Ke7 17. Ke2 a5 18. Rhc1 Bd7 19. Bxd6+ cxd6 20. Bd5 Ra6 21. Rc7 Rb6 22. b3 Rc8 23. Rac1 Rxc7 24. Rxc7 Rb5 25. Bc4 Rb6 26. Bd5 Rb5 27. Bc4 Rb6 28. Bd5 1/2-1/2